| 000 | 00502 a2200169 4500 | ||
|---|---|---|---|
| 003 | OSt | ||
| 005 | 20230925105836.0 | ||
| 008 | 230925b |||||||| |||| 00| 0 eng d | ||
| 020 | _a9780000989284 | ||
| 040 | _coclc | ||
| 082 |
_a511.5 _bCLA/F |
||
| 100 |
_aClark, John _93930 |
||
| 245 |
_aA first look at graph theory / _cJohn Clark, Derek Allan Holton. |
||
| 260 |
_aSingapore: _bWorld Scientific, _c2021. |
||
| 300 | _a330 p | ||
| 942 |
_2ddc _cBK _h511.5 _iCLA/F _k511.5 _mCLA/F |
||
| 999 |
_c42300 _d42300 |
||